Selection of judges and sensory evaluation of wines (Record no. 32400)

MARC details
000 -LEADER
fixed length control field 00824cam a22002771 4500
001 - CONTROL NUMBER
control field he 67001025
003 - CONTROL NUMBER IDENTIFIER
control field DLC
005 - DATE AND TIME OF LATEST TRANSACTION
control field 20260227111447.0
008 - FIXED-LENGTH DATA ELEMENTS--GENERAL INFORMATION
fixed length control field 880406s1964 is b 000 0 eng
010 ## - LIBRARY OF CONGRESS CONTROL NUMBER
LC control number he 67001025
025 ## - OVERSEAS ACQUISITION NUMBER
Overseas acquisition number PL480:Is-3732
035 ## - SYSTEM CONTROL NUMBER
System control number (OCoLC)17741194
040 ## - CATALOGING SOURCE
Original cataloging agency DLC
Transcribing agency CLU
Modifying agency CLU
-- DLC
041 0# - LANGUAGE CODE
Language code of text/sound track or separate title engheb
042 ## - AUTHENTICATION CODE
Authentication code premarc
050 00 - LIBRARY OF CONGRESS CALL NUMBER
Classification number TP548.5
Item number .A5086
100 1# - MAIN ENTRY--PERSONAL NAME
Personal name Ough, C. S.
245 10 - TITLE STATEMENT
Title Selection of judges and sensory evaluation of wines
Statement of responsibility, etc. [by] C.S. Ough.
260 ## - PUBLICATION, DISTRIBUTION, ETC.
Place of publication, distribution, etc. Rehovot,
Name of publisher, distributor, etc. Israel Wine Institute,
Date of publication, distribution, etc. 1964.
300 ## - PHYSICAL DESCRIPTION
Extent 23, [6], 15 l.
Dimensions 28 cm.
500 ## - GENERAL NOTE
General note Added title page in Hebrew.
500 ## - GENERAL NOTE
General note English and Hebrew.
504 ## - BIBLIOGRAPHY, ETC. NOTE
Bibliography, etc. note Bibliography: leaf [29]
650 #0 - SUBJECT ADDED ENTRY--TOPICAL TERM
Topical term or geographic name entry element Wine and wine making.
740 0# - ADDED ENTRY--UNCONTROLLED RELATED/ANALYTICAL TITLE
Uncontrolled related/analytical title Beḥirat shoftim ve-haʻarakhat yenot ʻal-yede ḥushim.

No items available.

Powered by Koha